Ortodoncia con excelencia, logro de la perfección: tomo I y tomo II (Registro nro. 9677)

Detalles MARC
000 -Cabecera
Campo de control de longitud fija 01737ntm a22003737a 4500
005 - Fecha y hora de la última transacción
Campo de control 20251113182015.0
008 - Elementos de longitud fija--Información general
Campo de control de longitud fija 170727b2015 xxu||||| |||| 00| 0 spa d
020 ## - International Standard Book Number
Número Internacional Estándar del Libro (ISBN) 9789588816821
041 ## - Idioma
Código de idioma Español
082 ## - Clasificación Decimal Dewey
Número de clasificación 617.643 B238o
100 ## - Entrada principal--Autor personal
Nombre personal Barbosa, Jurandir Antonio
245 ## - Título propiamente dicho
Título Ortodoncia con excelencia, logro de la perfección: tomo I y tomo II
260 ## - Pie de imprenta
Lugar de publicación, distribución, etc. México
260 ## - Pie de imprenta
Nombre del editor, distribuidor, etc. Amolca
260 ## - Pie de imprenta
Fecha de publicación, distribución, etc. 2015
300 ## - Descripción física
Extensión 750 páginas
300 ## - Descripción física
Otras características físicas Ilustraciones a color
490 ## - Serie
Título de la Serie Mecánica Dental
505 ## - Nota de contenido
Nota de contenido Tomo I: Sistema autoligado - biomecánica de tratamiento. El arco de la sonrisa en la ortodoncia smile arc. Biomecánica - bracket versátil barbosa. Filosofía de tratamiento FACE. Tratamiento de 1° Fase. Límites de la compensación ortodóntica. Principios de oclusión. Essix clear aligner de la A a la Z. Biomecánica del anclaje ortodóntico.
505 ## - Nota de contenido
Nota de contenido Tomo II: Regeneración ósea guiada. Retracción gingival en adultos. Corrección de las maloclusiones Clase II. Miniimplantes y miniplacas. Problemas articulares. Cirugía ortognática. Síndrome de apnea obstructiva del sueño. Práctica clínica basada en evidencias. Caninos superiores impactados. Propiedades mecánicas de los alambres ortodónticos. Responsabiidad civil. Entendiendo el mercado, planificación estratégica.
650 ## - Materia general
Temática (materia general) ORTODONCIA
650 ## - Materia general
Temática (materia general) BIOMECÁNICA DE TRATAMIENTO
650 ## - Materia general
Temática (materia general) OCLUSIÓN
650 ## - Materia general
Temática (materia general) MALOCLUSIÓN
650 ## - Materia general
Temática (materia general) MINIIMPLANTES
650 ## - Materia general
Temática (materia general) PROBLEMAS ARTICULARES
650 ## - Materia general
Temática (materia general) APNEA DEL SUEÑO
650 ## - Materia general
Temática (materia general) ALAMBRES ORTODONTICOS
650 ## - Materia general
Temática (materia general) RESORTES
650 ## - Materia general
Temática (materia general) NIVELACIÓN
650 ## - Materia general
Temática (materia general) ORTOPEDIA FUNCIONAL
650 ## - Materia general
Temática (materia general) CASOS CLÍNICOS
942 ## - Punto de acceso adicional KOHA
Tipo de ítem KOHA Libro
Fuente del sistema de clasificación o colocación Dewey Decimal Classification
Existencias
Signatura completa Código de barras Programa Académico Tipo de ítem
617.643 B238o 22436 Mecánica Dental Libro
617.643 B238o 22437 Mecánica Dental Libro